|
|
|
|
| LEADER |
00000nam0a2200000 4500 |
| 001 |
173862 |
| 005 |
20231031164530.0 |
| 020 |
|
|
|a RU
|b 84-32082
|
| 035 |
|
|
|a (RuTPU)RU\TPU\book\188550
|
| 090 |
|
|
|a 173862
|
| 100 |
|
|
|a 20100111d1984 km a0rusy5003 ca
|
| 101 |
0 |
|
|a rus
|
| 102 |
|
|
|a RU
|
| 105 |
|
|
|a a z 001zy
|
| 200 |
1 |
|
|a Диффузия электролитов в полимерах
|f Г. Е. Заиков, А. Л. Иорданский, В. С. Маркин
|
| 210 |
|
|
|a Москва
|c Химия
|d 1984
|
| 215 |
|
|
|a 237 с.
|c ил.
|d 21 см
|
| 320 |
|
|
|a Библиогр.: с. 230-237.
|
| 610 |
1 |
|
|a полимеры
|
| 610 |
1 |
|
|a диффузия
|
| 610 |
1 |
|
|a электролиты
|
| 610 |
1 |
|
|a вода
|
| 610 |
1 |
|
|a гидрофильные полимеры
|
| 610 |
1 |
|
|a органические кислоты
|
| 610 |
1 |
|
|a неорганические кислоты
|
| 610 |
1 |
|
|a гидрофобные покрытия
|
| 610 |
1 |
|
|a растворимость
|
| 610 |
1 |
|
|a химические реакции
|
| 675 |
|
|
|a 678
|z rus
|v 3
|
| 700 |
|
1 |
|a Заиков
|b Г. Е.
|g Геннадий Ефремович
|4 070
|
| 701 |
|
1 |
|a Иорданский
|b А. Л.
|g Алексей Леонидович
|
| 701 |
|
1 |
|a Маркин
|b В. С.
|g Валерий Сергеевич
|
| 801 |
|
0 |
|a RU
|b RuMRKP
|c 19950704
|g psbo
|
| 801 |
|
1 |
|a RU
|b 63413507
|c 20100111
|
| 801 |
|
2 |
|a RU
|b 63413507
|c 20130723
|g RCR
|
| 942 |
|
|
|c BK
|